00394 2200157 4500001002100000005001500021008004100036035001900077041000700096082001200103090001800115100001900133245003000152260002300182300003100205INLIS00000000000050720241224112202241224||||||||| | ||| |||| || |  0010-1224000507 aid0 a320,507 a320.507 BUD p0 aDanang Sunyoto00aStatistik untuk paramedis bEpsilon Grupc2002 avi, 152 hlm.: ilus.; 25 cm